Fr. Conceicao Rodrigues College of Engineering

Illustrated Autoslip (Record no. 20657)

MARC details
000 -LEADER
fixed length control field 00261nam a2200133Ia 4500
100 ## - MAIN ENTRY--PERSONAL NAME
Personal name Oliver/W
245 ## - TITLE STATEMENT
Title Illustrated Autoslip
260 ## - PUBLICATION, DISTRIBUTION, ETC.
Name of publisher, distributor, etc. BPB
Place of publication, distribution, etc. New Delhi
Date of publication, distribution, etc. 1990
300 ## - PHYSICAL DESCRIPTION
Extent 256
546 ## - LANGUAGE NOTE
Language note ENGLISH
654 ## - SUBJECT ADDED ENTRY--FACETED TOPICAL TERMS
Focus term Autoslip
942 ## - ADDED ENTRY ELEMENTS (KOHA)
Koha item type BOOK
Holdings
Withdrawn status Lost status Damaged status Not for loan Collection Home library Current library Shelving location Date acquired Source of acquisition Cost, normal purchase price Inventory number Total Checkouts Full call number Barcode Date last seen Cost, replacement price Price effective from Koha item type
        CRC Fr. Agnel's C.Rodrigues College of Engineering Fr. Agnel's C.Rodrigues College of Engineering   17/03/2023 Progressive Books 90.00 3044 dt 9.9.93   4559 17/03/2023 90.00 09/09/1993 BOOK
        CRC Fr. Agnel's C.Rodrigues College of Engineering Fr. Agnel's C.Rodrigues College of Engineering   17/03/2023 Progressive Books 90.00 3044 dt 9.9.93   4560 17/03/2023 90.00 09/09/1993 BOOK